| 000 | 00659nam a2200241 a 4500 | ||
|---|---|---|---|
| 999 |
_c635 _d635 |
||
| 008 | 190930r4444 ||||| |||| 00| 0 eng d | ||
| 020 |
_a9788110012566 _cRs. 160.00 |
||
| 040 |
_aKO _beng |
||
| 041 | 0 | _aeng | |
| 044 | _aii | ||
| 082 | 0 | 4 |
_223 _a623.89 _bSu164 |
| 100 | 1 | _aSubramaniam, H. | |
| 245 | 1 | 0 |
_aBridge Equipment, Charts & Publications / _cH. Subramaniam |
| 260 |
_aMumbai : _bVijaya Publications, _c2012 |
||
| 300 |
_a105 p. : _bill. ; _c21.5 cm. |
||
| 440 | 0 | _aNutshell Series | |
| 490 | 0 | _vBook 5 | |
| 650 | 0 |
_aInland navigation _xBridges--Navigation clearances |
|
| 650 | 0 | _aNautical charts | |
| 904 | _aS_JOY | ||
| 942 | _cBK | ||